000 00934nas a2200301 454500
001 43750
005 20260407193511.0
008 260407s1995####ag###########|||spa#d
003 AR-UNSa-BCEJYS
040 _aAR-UNSa-BCEJYS
_bspa
_cAR-UNSa-BCEJYS
080 _a330.34
_xDesarrollo Económico
245 1 0 _aAnnual World Bank Conference on Development Economics
022 _a1020-4407
264 1 _aWashington :
_bThe World Bank
_c1995
310 _aFrecuencia: Anual
041 _aspa
942 _cSER
590 _aniveau_biblio:s niveau_hierar:1
100 1 _aThe World Bank
700 1 _aBruno, Michael
700 1 _aPleskovic, Boris
650 _aCondiciones económicas
650 _aMercado financiero
650 _aPolítica financiera
650 _aECONOMIA INTERNACIONAL
650 _aDESARROLLO ECONOMICO
856 4 1 _uhttps://biblioeco.unsa.edu.ar/pmb/images/revistas/R21367.jpg
_yImagen de portada
_qimage/jpeg
999 _c8910
_d8910